Advances in Mental Health and Intellectual Disabilities

Detalles Bibliográficos
Formato: eBook
Lenguaje:inglés
Publicado: Bingley: Emerald Group Publishing Limited, 2010 -
Materias:
Acceso en línea:Acceso restringido

MARC

LEADER 00000nam a22000007a 4500
005 20210205230419.0
007 cr|||| ||||
008 210205c20109999gb n|w s|||| 0|||b1eng d
022 |a 2044-1282 
035 |a 31913 
040 |a vLex 
090 |c 11114  |d 11114 
245 0 0 |a Advances in Mental Health and Intellectual Disabilities  |h [Recurso electrn̤ico] / 
256 |a Servicio en ln̕ea 
260 |a Bingley:  |b Emerald Group Publishing Limited,  |c 2010 -  
300 |a 1 recurso electrn̤ico 
310 |a Irregular 
506 1 |a Disponible solo en los productos indicados  |d vLex Global  |d vLex Global (Academic Edition, excluding Law Schools)  |d vLex Global (U.S. Academic Edition, Law Schools)  |d vLex Global (U.S. Academic Edition, excluding Law Schools)  |d vLex Global (Academic Edition, Law Schools) 
650 0 4 |a Medicina  |z Reino Unido 
650 0 4 |a Derecho Pb︢lico y Administrativo  |z Reino Unido 
740 0 |a vLex Revistas (Servicio en ln̕ea) 
856 4 0 |u http://vlex.com/source/31913  |z Acceso restringido 
942 |c REV 
999 0 |a Medicine 
999 0 |a Public and Administrative Law